[Event "Amantea op-B 7th"]
[Site "Amantea"]
[Date "2009.09.05"]
[Round "6"]
[White "Rigoni, Vinicio"]
[Black "Grudina, Marco"]
[Result "1-0"]
[WhiteElo "1796"]
[BlackElo "1882"]
[PlyCount "103"]
[EventDate "2009.08.31"]
[EventType "swiss"]
[EventRounds "8"]
[EventCountry "ITA"]
[SourceTitle "CBM 132 Extra"]
[Source "ChessBase"]
[SourceDate "2009.11.03"]
[SourceVersion "1"]
[SourceVersionDate "2009.11.03"]
[SourceQuality "1"]

1. d4 d5 2. Nf3 Nf6 3. Bf4 Bf5 4. e3 e6 5. Nbd2 Nbd7 6. Nh4 Bg6 7. Nxg6 hxg6 8. h3 c5 9. c3 Qb6 10. Qb3 cxd4 11. exd4 Rc8 12. Bd3 a6 13. 0-0 Rc6 14. Qc2 Bd6 15. Bxd6 Rxd6 16. Nf3 Rc6 17. Ng5 Rh6 18. Rfe1 Nh5 19. Nf3 Nf4 20. Bf1 Rc8 21. Rab1 Qc7 22. Qa4 Qc6 23. Qb3 Qb6 24. Ng5 Qxb3 25. axb3 Rh5 26. Nf3 Ke7 27. Ra1 f6 28. Ra4 Rc6 29. Ra2 Rb6 30. b4 Nb8 31. Kh2 Rh6 32. g3 Nh5 33. Re2 g5 34. Ne1 Nc6 35. Nd3 g6 36. Bg2 Kd6 37. Kg1 Ng7 38. Ra1 Rh8 39. b3 Kc7 40. Nc5 Nd8 41. Rd1 Rd6 42. Ra2 Nc6 43. Bf1 Nb8 44. Kg2 Re8 45. b5 axb5 46. Bxb5 Nc6 47. b4 Kb6 48. Bxc6 Kxc6 49. Ra7 Re7 50. Re1 Rc7 51. Ra5 b6 52. b5# 1-0

[Event "Amantea op-B 7th"]
[Site "Amantea"]
[Date "2009.09.01"]
[Round "2"]
[White "Laria, Franco"]
[Black "Rigoni, Vinicio"]
[Result "0-1"]
[WhiteElo "1440"]
[BlackElo "1796"]
[PlyCount "77"]
[EventDate "2009.08.31"]
[EventType "swiss"]
[EventRounds "8"]
[EventCountry "ITA"]
[SourceTitle "CBM 132 Extra"]
[Source "ChessBase"]
[SourceDate "2009.11.03"]
[SourceVersion "1"]
[SourceVersionDate "2009.11.03"]
[SourceQuality "1"]

1. e4 c6 2. d4 d5 3. e5 Bf5 4. Bd3 Bxd3 5. Qxd3 e6 6. Nf3 Nd7 7. 0-0 c5 8. c3 cxd4 9. cxd4 Ne7 10. Nc3 a6 11. Be3 Nc8 12. Rac1 b5 13. Nd2 Be7 14. f4 g6 15. Nf3 Ncb6 16. b3 Rc8 17. Bd2 Ba3 18. Rc2 Qc7 19. Ng5 b4 20. Nxf7 Kxf7 21. f5 gxf5 22. Rxf5+ Ke8 23. Qh3 Nf8 24. Nxd5 Qxc2 25. Rxf8+ Kd7 26. Nxb6+ Kc7 27. Rxc8+ Rxc8 28. Nxc8 Qd1+ 29. Kf2 Qxd2+ 30. Kf1 Qc1+ 31. Kf2 Qc2+ 32. Kf1 Qb1+ 33. Kf2 Qxa2+ 34. Kf1 Qa1+ 35. Kf2 Qxd4+ 36. Kf1 Qf4+ 37. Kg1 Bb2 38. Qxh7+ Kxc8 39. Qc2+ 0-1

[Event "Treviso TWE op-B 30th"]
[Site "Treviso"]
[Date "2006.12.09"]
[Round "3.2"]
[White "Rigoni, Vinicio"]
[Black "De Gregoris, Piero"]
[Result "1-0"]
[WhiteElo "1802"]
[BlackElo "1646"]
[PlyCount "50"]
[EventDate "2006.12.08"]
[EventType "swiss"]
[EventRounds "5"]
[EventCountry "ITA"]
[SourceTitle "EXT 2024"]
[Source "ChessBase"]
[SourceDate "2023.10.10"]
[SourceVersion "1"]
[SourceVersionDate "2023.10.10"]
[SourceQuality "1"]

1. d4 g6 2. Nf3 Bg7 3. c3 d5 4. Bf4 Nc6 5. Nbd2 Bf5 6. e3 a6 7. c4 Nf6 8. Ne5 Nxe5 9. Bxe5 0-0 10. Qb3 e6 11. Rc1 Ne8 12. Bxg7 Kxg7 13. h3 g5 14. Bd3 Bxd3 15. Qxd3 Nd6 16. cxd5 exd5 17. Nf3 c6 18. h4 gxh4 19. Rxh4 Ne4 20. Ke2 Rh8 21. Rg4+ Kf8 22. Ne5 Nf6 23. Rf4 Kg7 24. Qf5 Qd7 25. Qg5+ Kf8 1-0

[Event "Treviso TWE op-B 30th"]
[Site "Treviso"]
[Date "2006.12.08"]
[Round "1.3"]
[White "Rigoni, Vinicio"]
[Black "Zanatta, Diego"]
[Result "1-0"]
[WhiteElo "1802"]
[BlackElo "1488"]
[PlyCount "89"]
[EventDate "2006.12.08"]
[EventType "swiss"]
[EventRounds "5"]
[EventCountry "ITA"]
[SourceTitle "EXT 2024"]
[Source "ChessBase"]
[SourceDate "2023.10.10"]
[SourceVersion "1"]
[SourceVersionDate "2023.10.10"]
[SourceQuality "1"]

1. d4 d5 2. Nf3 Nc6 3. Bg5 Nf6 4. Nbd2 e6 5. e3 Be7 6. Bd3 b6 7. Ne5 Nxe5 8. dxe5 Nd7 9. Bf4 Bg5 10. Qg4 Bxf4 11. exf4 0-0 12. Nf3 f5 13. Qh3 Qe7 14. c3 Nc5 15. Bc2 Ba6 16. 0-0-0 Ne4 17. Bxe4 fxe4 18. Ng5 h6 19. Qxe6+ Qxe6 20. Nxe6 Rf7 21. g3 Re8 22. Nd4 c5 23. Nc2 Bd3 24. h4 g5 25. hxg5 hxg5 26. Rh5 gxf4 27. Rdh1 Kf8 28. gxf4 Bxc2 29. Kxc2 Rxf4 30. R1h2 d4 31. cxd4 cxd4 32. Kd2 Ke7 33. Rh7+ Ke6 34. Rxa7 Kxe5 35. Rb7 Kd5 36. Rxb6 Rxf2+ 37. Rxf2 e3+ 38. Ke2 exf2+ 39. Kxf2 d3 40. Rb7 Kc6 41. Rb3 Rd8 42. Ke1 Kc5 43. Kd2 Kc4 44. Rc3+ Kd4 45. Rxd3+ 1-0

[Event "Padova Weekend op-B 8th"]
[Site "Padova"]
[Date "2005.12.18"]
[Round "6.18"]
[White "Rigoni, Vinicio"]
[Black "De Biaggi, Paolo"]
[Result "1-0"]
[WhiteElo "1733"]
[BlackElo "1877"]
[PlyCount "53"]
[EventDate "2005.12.10"]
[EventType "swiss"]
[EventRounds "6"]
[EventCountry "ITA"]
[SourceTitle "EXT 2024"]
[Source "ChessBase"]
[SourceDate "2023.10.10"]
[SourceVersion "1"]
[SourceVersionDate "2023.10.10"]
[SourceQuality "1"]

1. d4 e6 2. Nf3 c5 3. Bf4 Qb6 4. b3 Nc6 5. e3 Nf6 6. Bd3 cxd4 7. exd4 Nxd4 8. 0-0 Nxf3+ 9. Qxf3 Be7 10. Nd2 Qc6 11. Ne4 Nxe4 12. Bxe4 d5 13. Bd3 Bf6 14. Qe2 a6 15. Be5 Bxe5 16. Qxe5 0-0 17. Rae1 f6 18. Qh5 f5 19. f4 Bd7 20. Qe2 Rf6 21. Rf3 Rg6 22. Qf2 Rc8 23. Kh1 Qc5 24. Rfe3 Bc6 25. Qe2 d4 26. Rg3 Rxg3 27. Qxe6+ 1-0